<?xml version="1.0" encoding="UTF-8"?>
<marc:record xmlns:marc="http://www.loc.gov/MARC21/slim">
   <marc:leader>00000nam a2200000 a 4500</marc:leader>
   <marc:datafield ind1="1" ind2=" " tag="100">
      <marc:subfield code="a">Kramer, Anja</marc:subfield>
      <marc:subfield code="4">aut</marc:subfield>
      <marc:subfield code="e">Verfasser/-in</marc:subfield>
   </marc:datafield>
   <marc:datafield ind1="1" ind2=" " tag="100">
      <marc:subfield code="a">Panzacchi, Cornelia</marc:subfield>
      <marc:subfield code="4">trl</marc:subfield>
      <marc:subfield code="e">Übersetzer/-in</marc:subfield>
   </marc:datafield>
   <marc:datafield ind1=" " ind2=" " tag="653">
      <marc:subfield code="a">Zeichnen</marc:subfield>
   </marc:datafield>
   <marc:datafield ind1=" " ind2=" " tag="653">
      <marc:subfield code="a">Malerei</marc:subfield>
   </marc:datafield>
   <marc:datafield ind1="0" ind2="0" tag="245">
      <marc:subfield code="a">Kinder malen mit Wasserfarben</marc:subfield>
   </marc:datafield>
   <marc:datafield ind1="0" ind2="0" tag="245">
      <marc:subfield code="b">ab 6 Jahren</marc:subfield>
   </marc:datafield>
   <marc:datafield ind1=" " ind2="1" tag="264">
      <marc:subfield code="a">Stuttgart</marc:subfield>
      <marc:subfield code="b">Urania</marc:subfield>
      <marc:subfield code="c">2005</marc:subfield>
   </marc:datafield>
   <marc:datafield ind1="1" ind2=" " tag="490">
      <marc:subfield code="a">Kinder malen mit ...</marc:subfield>
   </marc:datafield>
   <marc:datafield ind1="1" ind2=" " tag="520">
      <marc:subfield code="a">Kinder malen gern mit Wasserfarben. Wer aber außer Pinsel und Farbkasten noch ein paar Tricks einsetzt, kann ganz besondere Effekte erzielen. Wie das geht verrät dieses Buch. Ab 6. Ähnlich wie bei "Kinder malen mit Wachsmalkreiden" (in dieser Nr.) werden die Malprozesse bei "Wasserfarben" mit Schritt-für-Schritt-Bildfolgen gezeigt. 11 Motiven wird durch kleine Kniffe der besondere Pfiff gegeben: Es wird zusätzlich Acrylfarbe eingesetzt, mit Zahnbürste und Sieb oder Schwamm gearbeitet oder mit einer Plastiktüte für zusätzliche Effekte gesorgt. Auch hier keine Einführung, dafür aber "Schon gewusst ..."-Kästchen. Die detaillierte Anleitung ermutigt Kinder, das Bild genau auf diese Weise zu einem "guten" Ergebnis zu bringen. Technik wird dabei geschult, Kreativität nicht unbedingt, da muss jeder selber abwägen was einem wichtig ist. Auch hier gilt: ein Buch für Kinder, das sich ausschließlich mit Wasserfarben befasst, wurde hier bisher nicht besprochen. Zu diesem Zweck und da Kinder das Malen mit Wasserfarben mögen, sei es gern empfohlen. Auch für Schulbibliotheken.</marc:subfield>
   </marc:datafield>
   <marc:datafield ind1=" " ind2=" " tag="020">
      <marc:subfield code="a">9783332017168</marc:subfield>
      <marc:subfield code="9">9783332017168</marc:subfield>
   </marc:datafield>
   <marc:datafield ind1=" " ind2=" " tag="041">
      <marc:subfield code="a">ger</marc:subfield>
   </marc:datafield>
   <marc:datafield ind1=" " ind2=" " tag="300">
      <marc:subfield code="a">64 S. : überw. Ill.</marc:subfield>
   </marc:datafield>
</marc:record>
